[Event "Basses Vallees Angevines op 4th"]
[Site "Cantenay Epinard"]
[Date "2015.12.19"]
[Round "5"]
[White "Kollar, Romain"]
[Black "Garcion, Emmanuel"]
[Result "1-0"]
[WhiteElo "1936"]
[BlackElo "1550"]
[PlyCount "57"]
[EventDate "2015.12.19"]
[EventType "swiss"]
[EventRounds "5"]
[EventCountry "FRA"]
[SourceTitle "EXT 2019"]
[Source "ChessBase"]
[SourceDate "2018.10.10"]
[SourceVersion "1"]
[SourceVersionDate "2018.10.10"]
[SourceQuality "1"]

1. e4 d5 2. exd5 Qxd5 3. Nf3 Nf6 4. d4 c6 5. c4 Qd8 6. Be2 Bf5 7. Nc3 e6 8. a3 Be7 9. 0-0 Nbd7 10. Bf4 Nh5 11. Be3 h6 12. d5 cxd5 13. cxd5 Nb6 14. Bb5+ Kf8 15. Nd4 Nxd5 16. Qxh5 Nxc3 17. bxc3 g6 18. Qf3 Qd5 19. Qxd5 exd5 20. Nxf5 gxf5 21. Bd3 Rc8 22. Bxf5 Rxc3 23. Bd4 Rc4 24. Bxh8 f6 25. Rfe1 Kf7 26. Be6+ Kf8 27. Bxd5 Rh4 28. Rac1 Bd8 29. Rc8 1-0